[Event "FIDE World Uni Rapid-D 1st"]
[Site "Tornelo INT"]
[Date "2021.03.21"]
[Round "9"]
[White "Olendo, Sara Francine"]
[Black "Vernimmen, Pierre"]
[Result "1-0"]
[WhiteElo "1692"]
[BlackElo "2010"]
[PlyCount "73"]
[EventDate "2021.03.20"]
[EventType "swiss (rapid)"]
[EventRounds "12"]
[EventCountry "NET"]
[SourceTitle "EXT 2022"]
[Source "ChessBase"]
[SourceDate "2021.10.06"]
[SourceVersion "1"]
[SourceVersionDate "2021.10.06"]
[SourceQuality "1"]

1. e4 c5 2. Nc3 d6 3. Bc4 g6 4. f4 Bg7 5. d3 Nc6 6. Nf3 e6 7. 0-0 Nge7 8. Qe1 0-0 9. Bb3 d5 10. e5 Rb8 11. a4 a6 12. Ne2 b5 13. axb5 axb5 14. c3 c4 15. Bc2 cxd3 16. Bxd3 Na5 17. Ned4 Bd7 18. Kh1 Qc7 19. Qh4 Rfe8 20. g4 Nc4 21. f5 exf5 22. gxf5 Nxf5 23. Nxf5 gxf5 24. Ng5 h6 25. Nf3 Rb6 26. Nd4 Nxe5 27. Bxf5 Ng6 28. Qh3 Rf6 29. Bxh6 Bh8 30. Bxd7 Rxf1+ 31. Rxf1 Re7 32. Bf5 b4 33. Bxg6 Bxd4 34. cxd4 Qc4 35. Bxf7+ Rxf7 36. Qg3+ Kh8 37. Rxf7 1-0

[Event "FIDE World Uni Rapid-D 1st"]
[Site "Tornelo INT"]
[Date "2021.03.20"]
[Round "3"]
[White "Alloui Cros, Baptiste"]
[Black "Vernimmen, Pierre"]
[Result "1-0"]
[WhiteElo "2139"]
[BlackElo "2010"]
[PlyCount "25"]
[EventDate "2021.03.20"]
[EventType "swiss (rapid)"]
[EventRounds "12"]
[EventCountry "NET"]
[SourceTitle "EXT 2022"]
[Source "ChessBase"]
[SourceDate "2021.10.06"]
[SourceVersion "1"]
[SourceVersionDate "2021.10.06"]
[SourceQuality "1"]

1. d4 Nf6 2. Bg5 e6 3. e4 h6 4. Bxf6 Qxf6 5. c3 d6 6. Bd3 e5 7. Ne2 g5 8. 0-0 Nd7 9. Nd2 Be7 10. a4 Nf8 11. Nc4 Ng6 12. Ng3 exd4 13. Nh5 1-0

[Event "FIDE World Uni Blitz-B 1st"]
[Site "Tornelo INT"]
[Date "2021.03.13"]
[Round "10.46"]
[White "Ahmad, Abu Khater"]
[Black "Vernimmen, Pierre"]
[Result "0-1"]
[WhiteElo "1414"]
[BlackElo "2010"]
[PlyCount "60"]
[EventDate "2021.03.13"]
[EventType "swiss (blitz)"]
[EventRounds "10"]
[EventCountry "NET"]
[SourceTitle "EXT 2022"]
[Source "ChessBase"]
[SourceDate "2021.10.06"]
[SourceVersion "1"]
[SourceVersionDate "2021.10.06"]
[SourceQuality "1"]

1. d4 Nf6 2. c4 e6 3. Nc3 Bb4 4. Bd2 0-0 5. a3 Bxc3 6. Bxc3 c5 7. d5 b5 8. dxe6 fxe6 9. e3 bxc4 10. Bxc4 d5 11. Bb5 Bb7 12. Nf3 Ne4 13. Be5 Qa5+ 14. Nd2 Nxd2 15. Qxd2 Qxb5 16. a4 Qd7 17. 0-0 Nc6 18. Bc3 d4 19. exd4 cxd4 20. Bb4 Nxb4 21. Qxb4 Qd5 22. f3 Rac8 23. Rad1 e5 24. Rfe1 Rc4 25. Qe7 Rc2 26. Rxe5 Rxg2+ 27. Kh1 Qxf3 28. Qe6+ Kh8 29. Qf7 Qxd1+ 30. Qf1 Qxf1# 0-1

[Event "FIDE World Uni Blitz-B 1st"]
[Site "Tornelo INT"]
[Date "2021.03.13"]
[Round "5.18"]
[White "Vernimmen, Pierre"]
[Black "Giannoulakis, Labros"]
[Result "1-0"]
[WhiteElo "2010"]
[BlackElo "2325"]
[PlyCount "71"]
[EventDate "2021.03.13"]
[EventType "swiss (blitz)"]
[EventRounds "10"]
[EventCountry "NET"]
[SourceTitle "EXT 2022"]
[Source "ChessBase"]
[SourceDate "2021.10.06"]
[SourceVersion "1"]
[SourceVersionDate "2021.10.06"]
[SourceQuality "1"]

1. d4 Nf6 2. Nf3 g6 3. c4 Bg7 4. e3 0-0 5. Be2 d6 6. 0-0 Nbd7 7. Nc3 e5 8. Qc2 Re8 9. Rd1 Qe7 10. b4 e4 11. Nd2 Nf8 12. a4 h5 13. a5 N8h7 14. a6 b6 15. Bb2 Ng5 16. Nd5 Nxd5 17. cxd5 Bf5 18. Rac1 Rac8 19. Qc6 h4 20. h3 Bf6 21. Bf1 Kg7 22. Qb7 c5 23. dxc6 Rc7 24. Nc4 Rxb7 25. axb7 Qc7 26. Na3 Ne6 27. Nb5 Qb8 28. c7 Nxc7 29. Nxc7 Rd8 30. Ba6 d5 31. Nb5 Rd7 32. Rc8 Rxb7 33. Rxb8 Rxb8 34. Rc1 Be7 35. Ba3 Be6 36. Rc7 1-0

[Event "FIDE World Uni Blitz-B 1st"]
[Site "Tornelo INT"]
[Date "2021.03.13"]
[Round "9.38"]
[White "Vernimmen, Pierre"]
[Black "Jonathan, Anthony"]
[Result "0-1"]
[WhiteElo "2010"]
[BlackElo "1995"]
[PlyCount "58"]
[EventDate "2021.03.13"]
[EventType "swiss (blitz)"]
[EventRounds "10"]
[EventCountry "NET"]
[SourceTitle "EXT 2022"]
[Source "ChessBase"]
[SourceDate "2021.10.06"]
[SourceVersion "1"]
[SourceVersionDate "2021.10.06"]
[SourceQuality "1"]

1. d4 Nf6 2. Nf3 e6 3. e3 b6 4. c4 Bb7 5. Bd3 Be7 6. 0-0 d6 7. Nc3 Nbd7 8. Qe2 c5 9. Re1 0-0 10. Bd2 a6 11. Rad1 Re8 12. e4 cxd4 13. Nxd4 Rc8 14. f3 Ne5 15. b3 d5 16. exd5 Nxd3 17. Qxd3 exd5 18. cxd5 Nxd5 19. Nxd5 Qxd5 20. Bc3 Bf6 21. Rxe8+ Rxe8 22. Nf5 Qc5+ 23. Bd4 Bxd4+ 24. Nxd4 h6 25. Kf1 Rd8 26. Qc4 Qe5 27. Qe2 Qxh2 28. Nf5 Qh1+ 29. Kf2 Qxd1 0-1

[Event "Charleroi op"]
[Site "Roux"]
[Date "2019.07.30"]
[Round "5"]
[White "Werner, Ivan"]
[Black "Vernimmen, Pierre"]
[Result "1-0"]
[WhiteElo "2129"]
[BlackElo "1911"]
[PlyCount "51"]
[EventDate "2019.07.27"]
[EventType "swiss"]
[EventRounds "9"]
[EventCountry "BEL"]
[SourceTitle "CBM 191 Extra"]
[Source "ChessBase"]
[SourceDate "2019.09.30"]
[SourceVersion "1"]
[SourceVersionDate "2019.09.30"]
[SourceQuality "1"]

1. e4 c5 2. Nf3 d6 3. d4 cxd4 4. Nxd4 Nf6 5. Nc3 a6 6. Bc4 e6 7. 0-0 b5 8. Bb3 Be7 9. f4 0-0 10. Be3 b4 11. Na4 Nxe4 12. Nf5 exf5 13. Qd5 Nc6 14. Qxc6 Bd7 15. Qb7 Rb8 16. Qa7 Ra8 17. Qd4 Bb5 18. Rfd1 Qe8 19. Nb6 Bf6 20. Qxb4 a5 21. Qa3 Nc3 22. Re1 Qxe3+ 23. Rxe3 Bd4 24. Nxa8 Bxe3+ 25. Kh1 Ne4 26. Bxf7+ 1-0

[Event "Charleroi op"]
[Site "Roux"]
[Date "2019.07.29"]
[Round "4"]
[White "Vernimmen, Pierre"]
[Black "Van Malder, Dries"]
[Result "1/2-1/2"]
[WhiteElo "1911"]
[BlackElo "2178"]
[PlyCount "96"]
[EventDate "2019.07.27"]
[EventType "swiss"]
[EventRounds "9"]
[EventCountry "BEL"]
[SourceTitle "CBM 191 Extra"]
[Source "ChessBase"]
[SourceDate "2019.09.30"]
[SourceVersion "1"]
[SourceVersionDate "2019.09.30"]
[SourceQuality "1"]

1. d4 Nf6 2. c4 e6 3. g3 Bb4+ 4. Bd2 Qe7 5. Bg2 Nc6 6. Nf3 Bxd2+ 7. Nbxd2 d6 8. 0-0 0-0 9. e4 e5 10. d5 Nb8 11. Ne1 a5 12. Nd3 Na6 13. f4 Nd7 14. f5 f6 15. a3 Ndc5 16. Nxc5 Nxc5 17. b4 axb4 18. axb4 Ra5 19. Ra2 Rxa2 20. Qb1 Ra1 21. Qxa1 Na6 22. Qc3 c5 23. bxc5 Nxc5 24. Qa5 Bd7 25. Rb1 Qd8 26. Qxd8 Rxd8 27. Rb6 Bc8 28. Nb3 Nxb3 29. Rxb3 Kf7 30. Bf3 Rd7 31. Bd1 Rc7 32. Rb4 Rc5 33. Ba4 Ra5 34. Kf2 Ke7 35. Ke3 Kd8 36. Kd3 Kc7 37. Kc3 b6 38. Bc6 Bb7 39. Ba4 Ra8 40. Kd3 Bc8 41. Bc6 Bb7 42. Ba4 Bc8 43. Bc6 Ra5 44. Ba4 Ra6 45. Kc3 Ra8 46. Bc6 Bb7 47. Ba4 Ra5 48. Kd3 Ra8 1/2-1/2